000 00467nam a2200181Ia 4500
008 230524s9999 xx 000 0 und d
020 _a9789383260416
082 _bCAN
100 _aJack Canfield
_941760
245 0 _aChicken Soup for the Soul Find Your Happiness
250 _a1
260 _aNoida
_bWestland
_c2011
300 _a380p;
500 _aQuantity Number: 1
650 _aMisalliance
_941761
700 _aMark Victor Hansen
_941762
942 _cBK
999 _c56204
_d56204